• 首页
  • 本馆介绍
  • 公告通知
  • 最新文献
  • 馆藏检索
  • 电子资源
  • 读者导购
  • 参考咨询
  • 我的图书馆
  • 登录
  • 详细信息显示
  • 放入我的书架
  • 预约/预借图书
  • 作者相关作品
  • 分类相关作品
  • 丛书相关作品
  • 出版社相关作品

书目信息

  • 表格格式
  • 工作单格式
  • 卡片格式
题名:
药物食物祛病宜忌手册
    
 
作者: 胡维勤 主编
分册:  
出版信息: 南京   江苏凤凰科学技术出版社  2017.5
页数: 304页
开本: 21cm
丛书名:
单 册:
中图分类: R969.2
科图分类:
主题词: 药物相互作用--基本知识 , 忌口--基本知识
电子资源:
ISBN: 978-7-5537-6653-9
000 00781nam0 2200241 450
001 0400004506
005 20171024101400.0
010    @a978-7-5537-6653-9@dCNY39.80
100    @a20170619d2017 em y0chiy50 ea
101 0  @achi
102    @aCN@b320000
105    @aa z 000yy
106    @ar
200 1  @a药物食物祛病宜忌手册@9yao wu shi wu qu bing yi ji shou ce@f胡维勤主编
210    @a南京@c江苏凤凰科学技术出版社@d2017.5
215    @a304页@c彩图@d21cm
330    @a本书分两部分,第一部分讲述了中药、西药与食物的相宜相克;第二部分讲述了常见疾病与食物的相宜相克。
606 0  @a药物相互作用@x基本知识
606 0  @a忌口@x基本知识
690    @aR969.2@v5
701  0 @a胡维勤@9hu wei qin@f(1934-)@4主编
801  0 @aCN@b91MARC@c20171024
905    @b1038165-9@dR969.2@f5@e132
    
    药物食物祛病宜忌手册/胡维勤主编.-南京:江苏凤凰科学技术出版社,2017.5
    304页:彩图;21cm
    
    
    ISBN 978-7-5537-6653-9:CNY39.80
    本书分两部分,第一部分讲述了中药、西药与食物的相宜相克;第二部分讲述了常见疾病与食物的相宜相克。
●
相关链接 在E读中查询图书 在五车中查询图书 在当当中查询图书 在豆瓣中查询图书


正题名:药物食物祛病宜忌手册     索取号:R969.2/132         预约/预借

序号 登录号 条形码 馆藏地/架位号 状态 备注
1 1038165   210381656   第二样本阅览室/ [索取号:R969.2/132] 在馆    
2 1038166   210381665   密集书库-生命科学系/ [索取号:R969.2/132] 在馆    
3 1038167   210381674   第三借阅区/ [索取号:R969.2/132] 在馆    
4 1038168   210381683   第三借阅区/ [索取号:R969.2/132] 在馆    
5 1038169   210381692   第三借阅区/ [索取号:R969.2/132] 在馆    
唐山师范学院图书馆 欢迎您!
大连网信软件有限公司© 版权所有